Music Quiz

Random Music or Rock Quiz
Score 0/24 Timer 07:00
0 Plays Today
% Correct
American Idiot
Green Day-2004
91.5%
Appetite
for Destruction
Guns n' Roses-1987
91.3%
Abbey Road
The Beatles-1969
91.2%
All Eyez on Me
2pac-1996
86.1%
Automatic
for the People
R.E.M.-1992
86.1%
ABBA
ABBA-1975
85.2%
Are You Experienced,
North American
Edition
The Jimi Hendrix
Experience-1967
85%
Ace Of Spades
Motörhead-1980
80%
Americana
The Offspring-1998
78.2%
All That You
Can't Leave Behind
U2-2000
72.2%
Aladdin Sane
David Bowie-1973
72%
Antichrist Superstar
Marilyn Manson-1996
71.5%
% Correct
...And Justice for All
Metallica-1988
71.4%
Apostrophe (')
Frank Zappa-1974
66.8%
Aerosmith
Aerosmith-1973
65.8%
All Killer No Filler
Sum 41-2001
65.3%
Animals
Pink Floyd-1977
65.3%
Abraxas
Santana- 1970
60.4%
Audioslave
Audioslave-2002
57.7%
Angel Dust
Faith No More-1992
51.6%
Absolution
Muse-2003
46.7%
Amnesiac
Radiohead-2001
42.4%
Antics
Interpol-2004
41.6%
Anthem of the Sun
Grateful Dead-1968
38.8%
Remove Ads.
Support Sporcle.
Get the best of Sporcle when you Go Orange. This ad-free experience offers more features, more stats, and more fun while also helping to support Sporcle. Thank you for becoming a member.

You're not logged in!

Compare scores with friends on all Sporcle quizzes.
OR
Log In

Sporcle TV

Today on Sporcle TV


Watch our educational content, quiz creation guides, and fun videos on Sporcle TV.

Show Comments

Extras

Top Quizzes Today


Score Distribution

Paid Content

Your Account Isn't Verified!

In order to create a playlist on Sporcle, you need to verify the email address you used during registration. Go to your Sporcle Settings to finish the process.

Report this User

Report this user for behavior that violates our Community Guidelines.

Details: